000 00592nam a22002417a 4500
003 UA-OsUOA
001 27610
007 ta
008 20040908b un ||||| |||| 00| 0 ukr d
090 _a782.91
_bЛ46
942 _cBK
040 _aUA-OsUOA
_brus
_cUA-OsUOA
_dUA-OsUOA
245 _aЛенинградский балет сегодня
_cРед. Л.А.Филатова
300 _a288 с.
955 _a0
041 _arus
080 _a782.91
260 _aМосква
_bИскусство
_c1967
246 3 1 _aВып.1
_n
044 _aRU
650 7 _2UDC
999 _c313959
_d313959